000 01154nam a2200301 u 4500
005 20250812063916.0
008 191015s1999 r 000 0 spa d
020 _a847756485x
035 _aUPN01000233403
040 _aUPN
_bspa
_cUPN
050 4 _aLC146
_bM3.3
100 1 _aMartín Cabrera, Eduardo
_943696
245 1 0 _aDeterminantes de éxito y fracaso en la trayectoria del estudiante universitario /
_cEduardo Martin Cabrera, Luis A. García García, Pedro Hernández Hernández.
250 _a1a ed.
260 _aLa Laguna, Santa Cruz de Tenerife :
_bUniversidad de La Laguna, Servicio de Publicaciones,
_c1999.
300 _a125 p.
490 _aSerie Psicología
_v1
490 _aColección Estudios y ensayos
_v7
504 _aIncluye referencias bibliográficas (páginas 113-125).
650 4 _aPredicción del éxito escolar
_943697
650 4 _9658
_aDESERCION UNIVERSITARIA
650 0 _aEstudiantes universitarios
_xRENDIMIENTO
_99298
700 1 _aGarcía García, Luis Alberto
_eautor
_943698
700 1 _aHernández, Pedro,
_d1941-
_eautor
_943699
905 _aLibro
942 _2lcc
_cLIBRO
999 _c205498
_d205498